000 00914nam a2200217 i 4500
001 162789
003 ES-MaACL
005 20230906212614.0
008 990929s1900 ag |||| | spa d
040 _aCCPB | B
_bspa
_cCCPB | B
100 1 _aQuesada, Ernesto.
_994558
245 1 0 _aDiscurso
_b: pronunciado en el banquete dado a los periodistas brasileños el sabado 27 de octubre de 1900 /
_cErnesto Quesada.
260 _aBuenos Aires :
_bLibrería Bredahl,
_c1900.
300 _a40 p. ;
_c19 cm.
530 _aDisponible en formato digital.
650 4 _aPrensa-
_zBrasil.
_9157189
651 4 _aArgentina-
_xRelaciones-
_zBrasil.
_9157190
651 4 _aBrasil-
_xRelaciones-
_zArgentina.
_9157191
852 _aES-MaACL
_jT-976-F-3
_z-- Enc. hol. , conservando la enc. original -
_z-- Enc. en un vol. facticio
856 _uhttp://bdh-rd.bne.es/viewer.vm?id=0000105552&page=1
_zBiblioteca Digital Hispánica
999 _c162789
_d162789